00489nam a2200181Ia 4500003000400000008004100004040001600045082001500061100001600076245005800092260004700150300000900197490003000206650001600236650002000252650001500272650002000287GCL140319s9999 xx 000 0 eng d aGCL / cGCL04a492.7bE I1 aEZZAT, ALIG10aINTELLIGIBILITY AMONG ARABIC DIALECTS / cEZZAT, ALIG a[S.N] : bBEIRUT ARAB UNIVERSITY ، c1974 a83 P aBEIRUT ARAB UNIVERSITYv004aLINGUISTICS04aARABIC LANGUAGE04aMORPHALOGY04aDIALECT, ARABIC